Star Trek: Deep Space Nine characters - Statistics

General Stats
  • This quiz has been taken 987 times
    847 since last reset
  • The average score is 21 of 33
Answer Stats
Actor Character % Correct
Avery Brooks Captain Benjamin Sisko
99%
Rene Auberjonois Constable Odo
97%
Michael Dorn Lieutenant Commander Worf
97%
Colm Meaney Chief Miles O'Brien
96%
Armin Shimerman Quark
96%
Nana Visitor Colonel Kira Nerys
95%
Alexander Siddig Doctor Julian Bashir
93%
Terry Farrell Lieutenant Commander Jadzia Dax
91%
Cirroc Lofton Jake Sisko
89%
Marc Alaimo Gul Skrain Dukat
84%
Aron Eisenberg Nog
84%
Max Grodenchik Rom
80%
Rosalind Chao Keiko O'Brien
78%
Andrew J Robinson Elim Garak
77%
Nicole de Boer Lieutenant Ezri Dax
73%
Jeffrey Combs Liquidator Brunt/Weyoun
64%
Louise Fletcher Kai Winn Adami
62%
J G Hertzler General Martok
59%
Casey Biggs Legate Damar
55%
Chase Masterson Leeta
52%
Wallace Shawn Grand Nagus Zek
47%
Salome Jens Female Changeling
46%
Penny Johnson Jerald Kasidy Yates
46%
Mark Allen Shepherd Morn
46%
Robert O'Reilly Chancellor Gowron
44%
James Darren Vic Fontaine
37%
Andrea Martin/Cecily Adams Ishka
31%
Philip Anglim Vedek Bareil Antos
29%
Lyia Batten/Tracy Middendorf/Melanie Smith Tora Ziyal
28%
Kenneth Marshall Lieutenant Commander Michael Eddington
26%
Barry Jenner Admiral William Ross
23%
Brock Peters Joseph Sisko
18%
Duncan Regehr Shakaar Edon
15%
No matching quizzes found
Score Distribution
Percent of People with Each Score
Percentile by Number Answered
Your Score History
You have not taken this quiz since the last reset